000 00391cam a2200157ua 4500
999 _c11333
_d11333
020 _a8123909772
082 _a631.3
_bKEP/PR
100 _aKepner R.A.
_91341
100 _aBainer,Roy
_91342
100 _aBarger E.L.
_91343
245 _aPrinciples of Farm Machinery
250 _a3 /
260 _aNew Delhi :
_bC B S Publishers & Distributers ,
_c2003.
300 _a527
942 _cBK